Educación en bioética : donación y transplante de órganos = Bioethical Education : Organ Procurement and Transplantation /

Se aborda la dimensión moral sobre el trasplante y la donación de órganos, cuestión que el Parlamento Europeo ha sancionado cuando prohibió la comercialización de óvulos en 2005 y que anteriormente estableció como un derecho fundamental y que está fuera de comercio el uso de tejidos humanos con esos...

Descripción completa

Guardado en:
Detalles Bibliográficos
Autor principal: López de la Vieja, María Teresa (ed.)
Otros autores: Velayos Castelo, Carmen (ed.) (ed.)
Formato: Libro
Idioma:Español
Publicado: Salamanca, España : Universidad de Salamanca, 2008, c2008
Colección:(Aquilafuente ; 136)
Temas:
Etiquetas: Agrega una etiqueta
Sin etiquetas, Sé el primero en etiquetar este registro!

MARC

LEADER 00000nam^a2200000^a^4500
001 000296794
005 20250521000000.0
009 20260526135222.116
020 |a 978-84-7800-323-5 
037 |a Acervo ITESO - Biblioteca 
041 |a ESP 
082 |a 174. 2  |b LOP 
100 |a López de la Vieja, María Teresa  |e (ed.) 
245 1 0 |a Educación en bioética :  |b donación y transplante de órganos = Bioethical Education : Organ Procurement and Transplantation /  |c Ed. de M.T. López de la Vieja, C. Velayos Castelo. 
264 4 |a Salamanca, España :  |b Universidad de Salamanca,  |c 2008, c2008 
300 |a 333 p. +  |e 1 DVD de computadora 
336 |a texto  |b txt  |2 rdacontenido 
337 |a sin mediación  |b n  |2 rdamedio 
338 |a volumen  |b nc  |2 rdasoporte 
440 1 |a (Aquilafuente ;  |v 136) 
520 |a Se aborda la dimensión moral sobre el trasplante y la donación de órganos, cuestión que el Parlamento Europeo ha sancionado cuando prohibió la comercialización de óvulos en 2005 y que anteriormente estableció como un derecho fundamental y que está fuera de comercio el uso de tejidos humanos con esos fines. En la actualidad el problema estriba en que ante la escases de órganos se suscita un tráfico ilícito a escala internacional, ante tal problema hay una recomendación de instituciones de la Unión Europea que los estados regulen de forma estricta la donación y se le den las debidas garantías a los donantes y que la donación sea desinteresada y voluntaria con finalidad terapéutica en beneficio de los pacientes. 
546 |a Edición bilingüe español-inglés 
649 |a XX 
650 |a Donación de Organos -  |z Unión Europea -  |x Aspectos Jurídicos 
650 |a Trasplante de Organos -  |x Aspectos Eticos -  |x Tema Principal 
650 |a Derechos Humanos 
650 |a Bioética -  |x Estudio y Enseñanza 
650 |a Bioética -  |x Tema Principal 
700 |a Velayos Castelo, Carmen  |e (ed.) 
910 |a Fondo General 
920 |a Impresos - Libros 
930 |a Colección General 
905 |a 101 
901 |a 0500182570  |b IT1  |c ACC  |i C120331  |u 20250521 
901 |a 0500182573  |b IT2  |c DWS  |u 20250521 
902 |a https://opac.biblio.iteso.mx/vufind/Record/000296794